| 000 | 00421nam a2200181Ia 4500 | ||
|---|---|---|---|
| 005 | 20250624033215.0 | ||
| 008 | 240331s9999 xx 000 0 und d | ||
| 020 | _a9559263013 | ||
| 082 |
_bDAL _a340 |
||
| 100 | _aDaluwatte,C | ||
| 245 | 0 | _aViwahaya ha dikkasadaya | |
| 260 |
_aColombo _bRuhunu Book Publishers _c1994 |
||
| 300 | _a315 p ., | ||
| 650 | _amarriage | ||
| 650 | _aDivorce | ||
| 650 | _aLaw | ||
| 942 | _cL | ||
| 999 |
_c5111 _d5111 |
||